| 000 | 00857nam a2200253Ia 4500 | ||
|---|---|---|---|
| 003 | Ost | ||
| 005 | 20260507075124.0 | ||
| 008 | 260507s9999||||xx |||||||||||||| ||und|| | ||
| 040 | _cfsecg | ||
| 041 | _aara | ||
| 082 | _a300 | ||
| 100 |
_aمحمود أبو علام، رجاء _eمؤلف |
||
| 245 | 0 |
_aتقويم التعلم / _c رجاء محمود أبو علام |
|
| 260 |
_aعمان: _bدار المسيرة, _c2005 |
||
| 300 |
_a464 صفحة؛ _bإيضاحات ؛ _c25 سم |
||
| 520 | _aالأسس العامة للتقويم-وسائل تقويم مخرجات التعلم-تقويم مخرجات التعلم | ||
| 653 | _aاختبارات التحصيل | ||
| 653 | _aالإختيار | ||
| 653 | _aالتدريس | ||
| 653 | _aالتقويم | ||
| 653 | _aالقياس | ||
| 653 | _aمخرجات التعلم | ||
| 942 | _cكتاب | ||
| 999 |
_c43121 _d43121 |
||